Top 25 Best U.S. Cities to live in 2021 - Statistics

General Stats
  • This quiz has been taken 93 times
  • The average score is 16 of 25
Answer Stats
Overall Score State City % Correct
7.1 Colorado* Denver
100%
7.3 Texas* Austin
89%
7.5 North Carolina* Raleigh
89%
7 Utah* Salt Lake City
87%
7.2 Maine Portland
83%
7.2 Oregon Portland
83%
7.1 Washington Seattle
79%
7.2 Idaho* Boise
78%
7.1 North Carolina Charlotte
75%
7.1 Wisconsin* Madison
75%
7.2 Iowa* Des Moines
74%
7.3 Colorado Springs
72%
7.6 Colorado Boulder
71%
7.1 California San Francisco
67%
7 Nebraska Omaha
66%
7 Florida Jacksonville
63%
7.4 Alabama Huntsville
57%
7.1 Wisconsin Green Bay
49%
7.3 Arkansas Fayetteville
46%
7.2 Michigan Ann Arbor
43%
7.1 Colorado Ft. Collins
41%
7.2 Florida Sarasota
25%
7.3 Florida Naples
22%
7 South Carolina Spartanburg
13%
7.1 Florida Melbourne
12%
No matching quizzes found
Score Distribution
Percent of People with Each Score
Percentile by Number Answered
Your Score History
You have not taken this quiz